Flood - resilient building (Record no. 114862)

MARC details
000 -LEADER
fixed length control field 00766cab a22002415a 4500
001 - CONTROL NUMBER
control field L157596
008 - FIXED-LENGTH DATA ELEMENTS--GENERAL INFORMATION
fixed length control field 130129e2012 xxk 000 0 eng d
020 ## - INTERNATIONAL STANDARD BOOK NUMBER
International Standard Book Number 9781848062429
035 ## - SYSTEM CONTROL NUMBER
System control number (Sirsi) u157596
041 0# - LANGUAGE CODE
Language code of text/sound track or separate title eng
100 1# - MAIN ENTRY--PERSONAL NAME
Personal name Garvin, Stephen
110 2# - MAIN ENTRY--CORPORATE NAME
Corporate name or jurisdiction name as entry element Bulding Research Establishment
245 00 - TITLE STATEMENT
Title Flood - resilient building
Remainder of title part 1: legislation, planning, flood-risk assessment and performance of buildings
260 ## - PUBLICATION, DISTRIBUTION, ETC.
Place of publication, distribution, etc. Watford : BRE, 2012
490 ## - SERIES STATEMENT
Series statement BRE Digest
Volume/sequential designation (DG 523) Part 1
520 ## - SUMMARY, ETC.
Summary, etc. Sets out an overall approach to flood-resilient building in the UK.
590 ## - LOCAL NOTE (RLIN)
Local note KA
650 24 - SUBJECT ADDED ENTRY--TOPICAL TERM
Topical term or geographic name entry element FLOOD-RISK ASSESSMENT
650 24 - SUBJECT ADDED ENTRY--TOPICAL TERM
Topical term or geographic name entry element FLOOD DEFENCES
650 24 - SUBJECT ADDED ENTRY--TOPICAL TERM
Topical term or geographic name entry element FLOOD PREVENTION
690 24 - LOCAL SUBJECT ADDED ENTRY--TOPICAL TERM (OCLC, RLIN)
Topical term or geographic name as entry element Design and specification
942 ## - ADDED ENTRY ELEMENTS (KOHA)
Suppress in OPAC 0
Source of classification or shelving scheme Dewey Decimal Classification
Holdings
Withdrawn status Lost status Source of classification or shelving scheme Damaged status Not for loan Home library Current library Shelving location Date acquired Total Checkouts Full call number Barcode Date last seen Copy number Price effective from Koha item type
    Dewey Decimal Classification     London London BRE publications 29/01/2013   BRE- DIGEST 30075090 06/08/2019 1 06/08/2019 Book